De la representatividad política a la participación ciudadana: el camino hacia la consolidación democrática en Centroamérica /
El presente artículo constituye una reflexión acerca de las realidades centroamericanas de la participación ciudadana en el espacio local. Tiende a exponer cuáles son sus características y desafíos a partir de una mirada que se deriva, por una parte, de la reflexión de los procesos vividos desde div...
Bewaard in:
| Hoofdauteur: | |
|---|---|
| Formaat: | Texto |
| Taal: | Spanish |
| Onderwerpen: | |
| Tags: |
Voeg label toe
Geen labels, Wees de eerste die dit record labelt!
|
MARC
| LEADER | 00000 a a2200000 04500 | ||
|---|---|---|---|
| 001 | 1137 | ||
| 003 | cru CRAI/IIS | ||
| 005 | 20210707160122.0 | ||
| 008 | 210707b |||||||| |||| 00| 0 spa d | ||
| 040 | |c cru CRAI/IIS | ||
| 100 | 1 | |a Vargas, Jean Paul | |
| 245 | 1 | |a De la representatividad política a la participación ciudadana: |b el camino hacia la consolidación democrática en Centroamérica / |c Jean Paul Vargas | |
| 500 | |a Colección Centroamérica | ||
| 520 | |a El presente artículo constituye una reflexión acerca de las realidades centroamericanas de la participación ciudadana en el espacio local. Tiende a exponer cuáles son sus características y desafíos a partir de una mirada que se deriva, por una parte, de la reflexión de los procesos vividos desde diversos proyectos y actividades de la Fundación Arias para la Paz y el Progreso Humano en la región y, por el otro, del análisis académico - profesional, en el marco de dichos proyectos y actividades | ||
| 650 | |a PARTICIPACION SOCIAL | ||
| 650 | |a CIUDADANIA | ||
| 650 | |a DEMOCRACIA | ||
| 650 | |a GOBIERNO LOCAL | ||
| 650 | |a PLANO LOCAL | ||
| 650 | |a AMERICA CENTRAL | ||
| 650 | |a GUATEMALA | ||
| 650 | |a NICARAGUA | ||
| 650 | |a EL SALVADOR | ||
| 650 | |a PANAMA | ||
| 650 | |a COSTA RICA | ||
| 650 | |a HONDURAS | ||
| 773 | |g volumen 29, número 1 -2; páginas 7-67 | ||
| 773 | 0 | |0 18765 |9 5205 |a Universidad de Costa Rica. |d San José, Costa Rica: Editorial Universidad de Costa Rica, 1974- |o 02204 |t Anuario de Estudios Centroamericanos / |x 03777316 | |
| 942 | |2 ddc |c PP | ||
| 999 | |c 34454 |d 34454 | ||
